000 00731nam a2200253Ia 4500
003 OSt
005 20220924120100.0
006 a|||||r|||| 00| 0
007 ta
008 220923b |||||||| |||| 00| 0 urd d
020 _a8189461834 (hbk)
020 _c1100
024 _a284780
037 _b4310, 19/11/2014, Kitabi Duniya
_cTextual
040 _aARTS
_cARTS
_burd
041 _2urd
_aurd
082 _aO168,1N56x, Q0
100 _aParvin Shere
_9180702
245 0 _aNihal-e-dil par sahab jaise
260 _aDelhi
_bKitabi Duniya India
_c2010
650 _aURDU POETRY
942 _hO168,1N56x, Q0
_cTEXL
_2CC
999 _c401156
_d401156